000 01666nam a2200253 i 4500
001 001193287
003 AM-YeHGA
005 20250617152952.0
008 161129s2016 ai d|||fr|||||001|0|arm||
020 _a9789939724492
040 _aAM-YeHGA
041 _aArmenian
100 1 _aՍաղաթելյան, Վարդան Արշակի
245 1 0 _aՀավանականությունների տեսություն :
_bՈւսումնական ձեռնարկ /
_cՎ.Ա. Սաղաթելյան ; [Խմբ.՝ Ն.Ա. Խաչատրյան] ; Հայաստանի ազգ. պոլիտեխն. համալսարան, Կիրառական մաթեմատիկայի և ֆիզիկայի ֆակուլտետ, Ընդհանուր մաթեմատիկական կրթության ամբիոն.
260 _aԵրևան :
_bՃարտարագետ,
_c2016.
300 _a94 էջ :
_bգծագրություններ, աղյուսակներ ;
_c20 սմ.
504 _aՄատենագիտություն՝ էջ 91:
530 _aԷլեկտրոնային պաշարը հասանելի է ՀՊՃՀ-ի գրադարանի էլեկտրոնային ընթերցասրահում:
_uhttp://libsrv.seua.am/chair_publications/2451E.pdf
650 1 4 _aՀավանականությունների տեսություն
_vՈւսումնական ձեռնարկներ
700 1 _aԽաչատրյան, Ն.Ա
_eխմբ.
_4edt
710 2 _aՀայաստանի ազգային պոլիտեխնիկական համալսարան :
_bԿիրառական մաթեմատիկայի և ֆիզիկայի ֆակուլտետ :
_bԸնդհանուր մաթեմատիկական կրթության ամբիոն
942 _2udc
_cBK
090 _c383356
999 _c381421
_d381421